[Event "Slask-ch Bak Memorial"]
[Site "Chorzow"]
[Date "2016.09.19"]
[Round "5"]
[White "Bartosz, Piotr"]
[Black "Hertlein, Agnieszka"]
[Result "0-1"]
[WhiteElo "1452"]
[BlackElo "1052"]
[PlyCount "72"]
[EventDate "2016.09.17"]
[EventType "swiss"]
[EventRounds "9"]
[EventCountry "POL"]
[SourceTitle "EXT 2018"]
[Source "ChessBase"]
[SourceDate "2017.10.13"]
[SourceVersion "1"]
[SourceVersionDate "2017.10.13"]
[SourceQuality "1"]

1. e4 d5 2. exd5 Qxd5 3. Nc3 Qd6 4. Nf3 Nf6 5. d4 c6 6. Bd3 Bg4 7. h3 Bh5 8. g4 Bg6 9. Bxg6 hxg6 10. g5 Nd5 11. Ne4 Qe6 12. Qe2 Rxh3 13. Rxh3 Qxh3 14. Nd6+ Kd7 15. Nxb7 Qh1+ 16. Kd2 e6 17. Qe4 Kc8 18. Nc5 Bxc5 19. dxc5 a5 20. c4 Ne7 21. b3 Nf5 22. Bb2 Qg2 23. Qe2 Qg4 24. Rg1 Qf4+ 25. Ke1 Nd7 26. Kf1 Kb7 27. Qd1 Rd8 28. Qe2 Nxc5 29. Be5 Qc1+ 30. Ne1 Nd3 31. Rg4 Nxe1 32. Qb2 Nd3+ 33. Qxc1 Nxc1 34. Bc3 Ka6 35. c5 Rd3 36. Rc4 Kb5 0-1

[Event "Slask-ch Bak Memorial"]
[Site "Chorzow"]
[Date "2016.09.17"]
[Round "1"]
[White "Hertlein, Agnieszka"]
[Black "Mokrzycki, Jan"]
[Result "0-1"]
[WhiteElo "1052"]
[BlackElo "1707"]
[PlyCount "86"]
[EventDate "2016.09.17"]
[EventType "swiss"]
[EventRounds "9"]
[EventCountry "POL"]
[SourceTitle "EXT 2018"]
[Source "ChessBase"]
[SourceDate "2017.10.13"]
[SourceVersion "1"]
[SourceVersionDate "2017.10.13"]
[SourceQuality "1"]

1. d4 Nf6 2. Nf3 g6 3. e3 Bg7 4. Bd3 0-0 5. 0-0 b6 6. b3 Bb7 7. Bb2 c5 8. Nbd2 d6 9. Re1 cxd4 10. exd4 Nc6 11. Ne4 Nd7 12. c4 Nb4 13. a3 Nxd3 14. Qxd3 Nc5 15. Nxc5 dxc5 16. Rad1 Qc7 17. Bc3 Rad8 18. Qe3 Bxf3 19. gxf3 cxd4 20. Bxd4 Bxd4 21. Rxd4 Rxd4 22. Qxd4 Rd8 23. Qe3 e6 24. Rc1 Qd6 25. b4 Rc8 26. c5 bxc5 27. Rxc5 Rxc5 28. bxc5 Qc6 29. Qd4 Kf8 30. Qd8+ Qe8 31. Qd6+ Qe7 32. Qb8+ Kg7 33. c6 Qxa3 34. c7 Qc1+ 35. Kg2 Qg5+ 36. Kf1 Qc1+ 37. Ke2 Qc2+ 38. Ke3 Qc3+ 39. Kf4 Qd2+ 40. Kg4 f5+ 41. Kh4 Qf4+ 42. Kh3 Qxf3+ 43. Kh4 Qg4# 0-1